000 00592nam a2200205Ia 4500
005 20250326143908.0
008 250326s9999 xx 000 0 und d
037 _aTextbook
040 _aFMSL
_beng
_cFMSL
041 _aeng
_2eng
084 _aY48 P6
_qFMSL
100 _aGoethals G R
_9748686
245 0 _aQuest for a general theory of leadership
_cGoethals G R; Sorendon G L J
260 _aUnited Kingdom
_bUnited Kingdom, Edward Elgar
_c2006
300 _a250p
365 _b134897.369355
650 _aLeadership
942 _cTB
_hY48 P6
999 _c1301522
_d1301522